00489pam a2200157 a 4500020000500000041000800005082001600013100000900029245004100038250001000079260003800089300000900127930001000136999001700146952016800163 c aeng a624.01bGKP aGKP. aCivil EngineeringhTextual Documents a2009. aFaridabadbG.K.Publicationsc2009 a58p. a11682 c88585d88585 001040708ReferenceaYMPbYMPd2021-06-29eBharati Sahakari Madhyavarti Grahak Bhandarg595.00l0o624.01 GKPpYMP-165241r2023-02-24 00:00:00t1w2023-02-24yBK